Milwaukee Brewers by the NUMBERS - Statistics

General Stats
  • This quiz has been taken 13 times
    10 since last reset
  • The average score is 17 of 33
Answer Stats
Number Year Pos WAR
Initials
Player % Correct
22 2018 OF 27.5 CY Christian Yelich
100%
4 1978 3B 59.9 PM Paul Molitor
100%
8 2007 OF 47.2 RB Ryan Braun
100%
2 2023 2B 11.8 BT Brice Turang
88%
27 2010 OF 19.0 CG Carlos Gomez
75%
1 2004 OF 15.4 CH Corey Hart
75%
51 2018 P 14.9 FP Freddy Peralta
75%
6 2010 OF 13.6 LC Lorenzo Cain
75%
28 2005 1B 16.8 PF Prince Fielder
75%
19 1974 SS 77.4 RY Robin Yount
75%
53 2017 P 18.0 BW Brandon Woodruff
63%
39 2018 P 13.6 CB Corbin Burnes
63%
15 1977 1B 30.7 CC Cecil Cooper
50%
37 1986 P 12.0 DP Dan Plesac
50%
20 1973 OF 18.5 GT Gorman Thomas
50%
23 1989 OF 15.3 GV Greg Vaughn
50%
71 2017 P 10.4 JH Josh Hader
50%
11 2000 1B 18.0 RS Richie Sexson
50%
49 1985 P 30.3 TH Teddy Higuera
50%
24 1978 OF 21.5 BO Ben Oglivie
38%
21 1991 P 13.1 CE Cal Eldred
38%
7 1973 3B 28.4 DM Don Money
38%
5 1972 1B 22.5 GS George Scott
38%
26 1994 3B 26.2 JC Jeff Cirillo
38%
17 1976 2B 22.4 JG Jim Gantner
38%
48 1977 P 17.3 MC Mike Caldwell
38%
46 1985 P 17.8 BW Bill Wegman
25%
14 1992 C 10.6 DN Dave Nilsson
25%
41 1971 P 15.6 JS Jim Slaton
25%
30 1976 P 15.7 MH Moose Haas
25%
16 1974 OF 19.1 SL Sixto Lezcano
25%
29 1986 P 18.6 CB Chris Bosio
13%
12 1971 OF 14.3 JB John Briggs
13%
No matching quizzes found
Score Distribution
Percent of People with Each Score
Percentile by Number Answered
Your Score History
You have not taken this quiz since the last reset